5M+ First-Level Subdivisions of Asia on a Map - Statistics

General Stats
  • This quiz has been taken 454 times
    94 since last reset
  • The average score is 77 of 125
Answers on the Map
Answers color-coded by a green-red scale on the quiz's map according to % correct below.
 
Answer Stats
Country Type Subdivision % Correct
Myanmar 2024 C State Shan
96%
Saudi Arabia 2022 C Region Riyadh
94%
Sri Lanka 2024 C Province Western
94%
China 2020 C Municipality Beijing
93%
Saudi Arabia 2022 C Region Eastern Province
93%
Japan 2024 E Prefecture Tokyo
93%
Saudi Arabia 2022 C Region Makkah
91%
Turkey 2022 E Province Ankara
90%
Bangladesh 2022 C Division Dhaka
90%
South Korea 2020 C Special City Seoul
90%
China 2020 C Province Hainan
88%
China 2020 C Region Inner Mongolia
88%
China 2020 C Municipality Shanghai
88%
Vietnam 2019 C Municipality Hanoi
87%
Turkey 2022 E Province Istanbul
87%
Iraq 2018 E Governorate Baghdad
85%
Japan 2024 E Prefecture Hokkaido
85%
China 2020 C Region Xinjiang Uyghur
85%
Iran 2023 P Province Tehran
84%
China 2020 C Province Guangdong
82%
Philippines 2020 C Region National Capital
82%
Japan 2024 E Prefecture Osaka
82%
India 2023 P State Punjab
82%
Pakistan 2023 C Province Punjab
82%
China 2020 C Municipality Tianjin
82%
India 2023 P State Uttar Pradesh
82%
India 2023 P State West Bengal
82%
Myanmar 2024 C Region Yangon
82%
India 2023 P Territory Delhi
81%
Vietnam 2019 C Municipality Ho Chi Minh
81%
Bangladesh 2022 C Division Chittagong
78%
China 2020 C Province Hebei
78%
China 2020 C Province Yunnan
78%
Pakistan 2023 C Province Balochistan
76%
China 2020 C Municipality Chongqing
76%
Indonesia 2020 C Province East Java
76%
India 2023 P State Gujarat
76%
India 2023 P Territory Jammu and Kashmir
76%
India 2023 P State Tamil Nadu
76%
Indonesia 2020 C Province West Java
76%
Indonesia 2020 C Province Special Capital Region of Jakarta
75%
Indonesia 2020 C Province Central Java
74%
Afghanistan 2020 P Province Kabul
74%
India 2023 P State Kerala
74%
China 2020 C Province Sichuan
72%
India 2023 P State Assam
71%
China 2020 C Province Gansu
71%
China 2020 C Province Hubei
71%
India 2023 P State Rajasthan
71%
Indonesia 2020 C Province South Sumatra
71%
China 2020 C Special Region Hong Kong
69%
Iran 2023 P Province Isfahan
69%
Indonesia 2020 C Province North Sumatra
69%
Indonesia 2020 C Province Aceh
68%
China 2020 C Province Fujian
68%
China 2020 C Province Heilongjiang
68%
China 2020 C Province Henan
68%
China 2020 C Province Hunan
68%
China 2020 C Province Jilin
66%
Iraq 2018 E Region Kurdistan
66%
India 2023 P State Maharashtra
66%
Myanmar 2024 C Region Mandalay
66%
China 2020 C Province Qinghai
66%
China 2020 C Province Shaanxi
66%
China 2020 C Province Shandong
66%
Indonesia 2020 C Province South Sulawesi
66%
Japan 2024 E Prefecture Fukuoka
65%
China 2020 C Province Jiangsu
65%
India 2023 P State Madhya Pradesh
65%
China 2020 C Region Ningxia
65%
China 2020 C Province Shanxi
65%
Pakistan 2023 C Province Sindh
65%
India 2023 P State Andhra Pradesh
63%
China 2020 C Province Anhui
63%
India 2023 P State Bihar
63%
Indonesia 2020 C Province West Sumatra
63%
China 2020 C Region Guangxi
62%
India 2023 P State Odisha
62%
Philippines 2020 C Region Davao
60%
China 2020 C Province Liaoning
60%
India 2023 P State Telangana
60%
Indonesia 2020 C Province West Kalimantan
60%
India 2023 P State Karnataka
59%
China 2020 C Province Guizhou
57%
India 2023 P State Himachal Pradesh
57%
India 2023 P State Jharkhand
57%
Pakistan 2023 C Province Khyber Pakhtunkhwa
57%
China 2020 C Province Zhejiang
57%
Thailand 2019 P Area Bangkok
56%
China 2020 C Province Jiangxi
54%
India 2023 P State Chhattisgarh
53%
India 2023 P State Uttarakhand
53%
India 2023 P State Haryana
51%
Japan 2024 E Prefecture Chiba
47%
Japan 2024 E Prefecture Saitama
47%
Bangladesh 2022 C Division Khulna
43%
Japan 2024 E Prefecture Hyōgo
38%
Iran 2023 P Province Fars
37%
South Korea 2020 C Province Gyeonggi
37%
Indonesia 2020 C Province Riau
37%
Bangladesh 2022 C Division Rangpur
35%
Bangladesh 2022 C Division Sylhet
35%
Philippines 2020 C Region Central Luzon
34%
Japan 2024 E Prefecture Kanagawa
32%
Bangladesh 2022 C Division Rajshahi
32%
Bangladesh 2022 C Division Mymensingh
31%
Japan 2024 E Prefecture Aichi
29%
Iran 2023 P Province Khuzestan
29%
Bangladesh 2022 C Division Barisal
28%
Indonesia 2020 C Province East Nusa Tenggara
28%
Philippines 2020 C Region Northern Mindanao
28%
Indonesia 2020 C Province West Nusa Tenggara
28%
Indonesia 2020 C Province Banten
26%
Myanmar 2024 C Region Ayeyarwady
25%
Philippines 2020 C Region Ilocos
25%
Indonesia 2020 C Province Lampung
25%
Iran 2023 P Province Razavi Khorasan
25%
Philippines 2020 C Region Central Visayas
21%
Malaysia 2023 E State Selangor
21%
Philippines 2020 C Region Calabarzon
18%
Nepal 2021 C Province Lumbini
16%
Myanmar 2024 C Region Sagaing
16%
Philippines 2020 C Region Bicol
15%
Nepal 2021 C Province Bagmati
13%
Nepal 2021 C Province Madhesh
10%
No matching quizzes found
Score Distribution
Percent of People with Each Score
Percentile by Number Answered
Your Score History
You have not taken this quiz since the last reset